A concise dictionary of Physics

Bewaard in:
Bibliografische gegevens
Formaat: Boek
Taal:Engels
Gepubliceerd in: Oxford Oxford University Press 1990
Editie:2a. ed
Onderwerpen:
Tags: Voeg label toe
Geen labels, Wees de eerste die dit record labelt!

MARC

LEADER 00000nam a2200000 a 4500
001 UCH2766
003 CL-VaPUC
008 090624e19900000UK |||||||||||||||||eng|d
020 |a 0192861115 
082 0 4 |a 530.03  |b CON  |2 21 
245 1 2 |a A concise dictionary of Physics 
250 |a 2a. ed 
300 |a 308 p 
942 |c BK 
945 |d 20090624 00:00:00  |a dcastane 
260 |a Oxford  |b Oxford University Press  |c 1990 
650 0 |a Física   |9 227844 
650 0 |a Diccionarios  |9 256200 
583 |a last modification  |c 20090624 00:00:00  |k Rodrigo Vera 
999 |c 334465  |d 334463 
952 |0 0  |1 0  |4 0  |6 530_030000000000000_CON_1990  |7 0  |8 A  |9 423519  |a BIBCUR  |b BIBCUR  |d 2019-11-22  |i 4564545  |o 530.03 CON 1990  |p 4564545  |r 2025-04-22  |w 2019-11-22  |y BK  |k FIS